| 000 | 00431cam a2200181ua 4500 | ||
|---|---|---|---|
| 020 | _c1.00 | ||
| 041 |
_ahin _h |
||
| 082 |
_a891.43 _bSHA/BA |
||
| 100 | _aSharatchand, Chadopadyay . | ||
| 245 |
_aBadi deedi / _cSharatchand Chadopadyay. _hTextual Documents |
||
| 250 |
_a1 / _b. |
||
| 260 |
_a : _bAjay Prakashan , _c1960. |
||
| 300 | _a79 ; . | ||
| 365 | _a1.00 | ||
| 504 | _a | ||
| 942 | _cBK | ||
| 999 |
_c12722 _d12722 |
||